000 01445nam a22003257a 4500
005 20260506125226.0
008 260506b |||||||| |||| 00| 0 eng d
040 _aEG-GICUC
_beng
_cEG-GICUC
_dEG-GICUC
_erda
041 0 _aeng
_beng
_bara
049 _aDeposit
097 _aPh.D
099 _aCai01.07.08.Ph.D.1995.Ha.E.
100 0 _aHala Rashad Abdel Rahman Sadek,
_epreparation.
245 1 0 _aThe Effect Of Some Environmental Factors On Some Pesticides /
_cBy Hala Rashad Abdel Rahman Sadek; Supervision Of Prof.Dr. Mohamed Helmy Belal, Prof.Dr. Mohamed Khairy EL Sayed, Prof.Dr. Mohamed Abd EL-Hady Kandil.
246 1 5 _aتأثير بعض العوامل البيئية على بعض مبيدات الآفات /
264 0 _c1995.
300 _a136 pages :
_billustrations ;
_c30 cm. +
336 _2rda content
_atext
337 _2rdamedia
_aUnmediated
338 _2rdacarrier
_avolume
502 _aThesis (Ph.D)-Cairo University, 1995.
504 _aBibliography: pages 122-136.
653 0 _aPesticides
700 0 _aMohamed Helmy Belal
_ethesis advisor.
700 0 _aMohamed Khairy EL Sayed
_ethesis advisor.
700 0 _aMohamed Abd EL-Hady Kandil
_ethesis advisor.
900 _DDepartment of Economic Entomology And Pesticides
_FFaculty of Agriculture
_UCairo University
_b1995
_cMohamed Helmy Belal
_cMohamed Khairy EL Sayed
_cMohamed Abd EL-Hady Kandil
905 _aEman El gebaly
942 _2ddc
_cTH
_e21
_n0
999 _c180030